000
00320 a2200109 4500
001
ART_9599
005
20260410161837.0
008
260409a
245
1
0
_a
La evaluación de proyectos
100
1
_a
Baigun, Alberto
773
0
_t
Contabilidad y administración
_g
- Año 5, Nº 52 (oct. 1981)
_w
REV5485
999
_c
23719
_d
23719